000 00354nam a22001217a 4500
008 241218b |||||||| |||| 00| 0 eng d
020 _a9781780332000
100 _aDweck, S. Carol.
245 _aMindset :
_bChanging the Way you think to fulfil your potential.
260 _aNewYork :
_bRobinson Ltd,
_c2017.
300 _ap. 301;
_e20 Cm.
942 _2ddc
999 _c10120
_d10121